000 00377nam a2200169Ia 4500
005 20250423101627.0
008 250422s9999 xx 000 0 und d
020 _a0-07-882173-8
100 _aMuster John
245 0 _aUnix Made Easy
260 _aCalifornia
260 _bMcGraw-Hill
260 _c1996
300 _a1061 p
650 _aComputer Systems
942 _cBK
999 _c36797
_d36797